000 00537nam a2200217Ia 4500
003 OSt
005 20230426114602.0
008 210423s2002 xx 000 0 und d
020 _a9788126913060
040 _cAL
041 _aeng
082 _a809.93592
_223
_b EVEK
100 _aEVEREST (Kelvin)
_993330
245 _aJohn Keats
260 _bAtlantic Publishers and Distributors
_c2002
300 _axi,123
_bPB
365 _b225
_cINR
650 _aHistory of Literature
_993331
906 _aJohn ; Keats
942 _2ddc
_cBK
999 _c161102
_d161102